| 000 | 00685 a2200241 4500 | ||
|---|---|---|---|
| 502 | _aThèse de Doctorat | ||
| 260 | _aWageningen | ||
| 653 | 1 | _aAgronomie | |
| 100 | _aHOUBIERS, M.C. | ||
| 041 | _bEn | ||
| 260 | _bUniversité de Wageningen | ||
| 300 | _a118 p. | ||
| 245 | _aThe membrane-bound form of gene 9 minor coat protein of bacteriophage M13 | ||
| 300 | _bIll., Couv. ill. ; 24 cm | ||
| 260 | _c30 Septembre 2002 | ||
| 130 | _lEn | ||
| 040 | _aSupport | ||
| 041 | _bEn | ||
| 653 | 1 | _aNutrition et Sciences Alimentaires | |
| 100 | _uAbomey-Calavi, Université d'Abomey-Calavi, Faculté des Sciences Agronomiques, Bj | ||
| 020 | _a90-5808-692-5 | ||
| 999 |
_c31805 _d31805 |
||